000
00257 a2200097 4500
245
_a
MISTER JOHNSON
_h
print
005
20191021095358.0
260
_a
enk
_b
V. Gollancz ltd.
_c
1939
084
_a
PZ3.C25884 Mi
300
_a
287 p. 19 cm.
_b
287 p. 19 cm.
_c
287 p. 19 cm.
999
_c
12167
_d
12167